MARC details
| 000 -LEADER |
| fixed length control field |
01080cam a2200313 i 4500 |
| 001 - CONTROL NUMBER |
| control field |
2253856 |
| 003 - CONTROL NUMBER IDENTIFIER |
| control field |
BDDh-ASL |
| 005 - DATE AND TIME OF LATEST TRANSACTION |
| control field |
20231015030233.0 |
| 008 - FIXED-LENGTH DATA ELEMENTS--GENERAL INFORMATION |
| fixed length control field |
771207s1977 enk 000 0 eng |
| 010 ## - LIBRARY OF CONGRESS CONTROL NUMBER |
| LC control number |
77372341 |
| 015 ## - NATIONAL BIBLIOGRAPHY NUMBER |
| National bibliography number |
GB77-15017 |
| 020 ## - INTERNATIONAL STANDARD BOOK NUMBER |
| Terms of availability |
£1.00 |
| 040 ## - CATALOGING SOURCE |
| Original cataloging agency |
DLC |
| Transcribing agency |
DLC |
| Modifying agency |
DLC |
| -- |
BDDh-ASL |
| 041 1# - LANGUAGE CODE |
| Language code of text/sound track or separate title |
engper |
| 050 00 - LIBRARY OF CONGRESS CALL NUMBER |
| Classification number |
BP170 |
| Item number |
.M8513 |
| 082 00 - DEWEY DECIMAL CLASSIFICATION NUMBER |
| Classification number |
909.09821 |
| Item number |
MUW |
| 100 2# - MAIN ENTRY--PERSONAL NAME |
| Personal name |
Mūsavī Lārī, Mujtabá. |
| 240 10 - UNIFORM TITLE |
| Uniform title |
Sīmā-yi tamaddun-i Gharb. |
| Language of a work |
English |
| 245 10 - TITLE STATEMENT |
| Title |
Western civilisation through Muslim eyes / |
| Statement of responsibility, etc. |
by Sayid Mujtaba Rukni Musawi Lari ; translated [from the Persian] by F. J. Goulding. |
| 260 ## - PUBLICATION, DISTRIBUTION, ETC. |
| Place of publication, distribution, etc. |
Guildford : |
| Name of publisher, distributor, etc. |
F. J. Goulding ; |
| Place of publication, distribution, etc. |
Worthing : |
| Name of publisher, distributor, etc. |
[Distributed by] Optimus Books, |
| Date of publication, distribution, etc. |
1977. |
| 300 ## - PHYSICAL DESCRIPTION |
| Extent |
xii, 146 p. ; |
| Dimensions |
23 cm. |
| 500 ## - GENERAL NOTE |
| General note |
Translation of Sīmā-yi tamaddun-i Gharb. |
| 650 #0 - SUBJECT ADDED ENTRY--TOPICAL TERM |
| Topical term or geographic name entry element |
Islam |
| General subdivision |
Apologetic works. |
| 650 #0 - SUBJECT ADDED ENTRY--TOPICAL TERM |
| Topical term or geographic name entry element |
Islam |
| General subdivision |
Essence, genius, nature. |
| 650 #0 - SUBJECT ADDED ENTRY--TOPICAL TERM |
| Topical term or geographic name entry element |
Civilization, Modern |
| Chronological subdivision |
20th century. |
| 650 #0 - SUBJECT ADDED ENTRY--TOPICAL TERM |
| Topical term or geographic name entry element |
Civilization, Western. |
| 906 ## - LOCAL DATA ELEMENT F, LDF (RLIN) |
| a |
7 |
| b |
cbc |
| c |
orignew |
| d |
3 |
| e |
ncip |
| f |
19 |
| g |
y-gencatlg |
| 942 ## - ADDED ENTRY ELEMENTS (KOHA) |
| Source of classification or shelving scheme |
Dewey Decimal Classification |
| Koha item type |
Books |